Statistics for Simone de Beauvoir Bibliography

Click here to take the quiz!

General Stats

  • This quiz has been taken 2 times
  • The average score is 2 of 28

Answer Stats

TypeYearName% Correct
Non-Fiction Book1949The Second Sex
100%
Memoir1964A Very Easy Death
50%
Non-Fiction Book1981Adieux: A Farewell to Sartre
0%
Novel1946All Men Are Mortal
0%
Memoir1972All Said and Done
0%
Foreword1948America Day by Day
0%
Memoir1954America Day by Day
0%
Letter Collection1998A Transatlantic Love Affair: Letters to Nelson Algren
0%
Notebook Collection2008Cahiers de Jeunesse, 1926-1930
0%
Journal Collection2006Diary of a Philosophy Student, 1926-27
0%
Memoir1963Force of Circumstance
0%
Journal Collection1990Journal de Guerre, Sept 1939 - Jan 1941
0%
Novel1966Las Belles Images
0%
Letter Collection1990Letters to Sartre
0%
Memoir1958Memoirs of a Dutiful Daughter
0%
Non-Fiction Book1955Must We Burn Sade?
0%
Non-Fiction Book1972Old Age
0%
Essay1944Pyrrhus and Cineas
0%
Novel1943She Came to Stay
0%
Novel1945The Blood of Others
0%
Non-Fiction Book1970The Coming of Age
0%
Essay1947The Ethics of Ambiguity
0%
Non-Fiction Book1957The Long March
0%
Novel1954The Mandarins
0%
Memoir1960The Prime of Life
0%
Novel1967The Woman Destroyed
0%
Novel1979When Things of the Spirit Come First
0%
Play1945Who Shall Die
0%

Score Distribution

Percentile by Number Answered

Percent of People with Each Score

Your Score History

You have not taken this quiz